000 00849nam2a2200265 4500
001 RU\NLR\bibl\1733440
005 20250616080446.0
010 _a978-5-88503-336-7
_92000
021 _aRU
_b2010-102826
_96949
035 _a(NLR Aleph) 001724384
090 _a1359974
_c1359974
100 _a20110208d2010 |||y0rusy50 ca
101 0 _arus
102 _aRU
105 _ay |||||||||
200 0 _aЧ. 1
210 _d2010 (макет 2011)
_aБ. м.
215 _a340 с.
225 1 _a...
_vКн. 8
461 0 _1001RU\NLR\bibl\1242778
_12001#$aНовая цивилизация$vЧ. 1
_9186096
_aМегре, В. Н. (1950-)
_cМосква
_d2008
_fВладимир Мегре
_nДиля
_tНовая цивилизация
_vЧ. 1
801 0 _aRU
_bNLR
_c20110208
_gRCR
801 1 _aRU
_bNLR
_c20110208
942 _cBOOK
980 _aNB